Near Eastern culture and society: (Record no. 20468)

MARC details
000 -LEADER
fixed length control field 00961cam a22003011 4500
001 - CONTROL NUMBER
control field 7901256
003 - CONTROL NUMBER IDENTIFIER
control field BDDh-ASL
005 - DATE AND TIME OF LATEST TRANSACTION
control field 20231015025907.0
008 - FIXED-LENGTH DATA ELEMENTS--GENERAL INFORMATION
fixed length control field 800122s1951 njua b 000 0 eng
010 ## - LIBRARY OF CONGRESS CONTROL NUMBER
LC control number 51013881
015 ## - NATIONAL BIBLIOGRAPHY NUMBER
National bibliography number GB52-4712
035 ## - SYSTEM CONTROL NUMBER
System control number (OCoLC)5900241
040 ## - CATALOGING SOURCE
Original cataloging agency DLC
Transcribing agency IDeKN
Modifying agency WaChenE
-- Uk
-- DLC
-- BDDh-ASL
042 ## - AUTHENTICATION CODE
Authentication code premarc
050 00 - LIBRARY OF CONGRESS CALL NUMBER
Classification number PJ25
Item number .P7 vol. 15
051 00 - LIBRARY OF CONGRESS COPY, ISSUE, OFFPRINT STATEMENT
Classification number DS38
Item number .Y6
082 ## - DEWEY DECIMAL CLASSIFICATION NUMBER
Classification number 297.09
Item number YON
100 1# - MAIN ENTRY--PERSONAL NAME
Personal name Young, T. Cuyler
Fuller form of name (Theodore Cuyler),
Dates associated with a name 1900-1976.
245 10 - TITLE STATEMENT
Title Near Eastern culture and society:
Remainder of title a symposium on the meeting of East and West /
260 ## - PUBLICATION, DISTRIBUTION, ETC.
Place of publication, distribution, etc. Princeton:
Name of publisher, distributor, etc. Princeton University Press,
Date of publication, distribution, etc. 1951.
300 ## - PHYSICAL DESCRIPTION
Extent x, 250 p.
Other physical details illus.
Dimensions 23 cm.
490 1# - SERIES STATEMENT
Series statement Princeton Oriental studies,
Volume/sequential designation v. 15
504 ## - BIBLIOGRAPHY, ETC. NOTE
Bibliography, etc. note Bibliographical footnotes.
650 #0 - SUBJECT ADDED ENTRY--TOPICAL TERM
Topical term or geographic name entry element Islamic civilization.
830 #0 - SERIES ADDED ENTRY--UNIFORM TITLE
Uniform title Oriental studies series ;
Volume/sequential designation v. 15.
906 ## - LOCAL DATA ELEMENT F, LDF (RLIN)
a 7
b cbc
c oclcrpl
d u
e ncip
f 19
g y-gencatlg
942 ## - ADDED ENTRY ELEMENTS (KOHA)
Source of classification or shelving scheme Dewey Decimal Classification
Koha item type Books
Holdings
Withdrawn status Lost status Source of classification or shelving scheme Damaged status Not for loan Collection code Home library Current library Shelving location Date acquired Source of acquisition Total Checkouts Full call number Barcode Date last seen Copy number Price effective from Koha item type Public note
    Dewey Decimal Classification   Not For Loan Non-fiction Asiatic Society Library Asiatic Society Library General Stacks 01/09/2021 ASB Collection   297.09 YON 103916 01/09/2021 C-1 01/09/2021 Books RARE

Powered by Koha